| 000 | 00431nam a2200157 a 4500 | ||
|---|---|---|---|
| 001 | 000014190 | ||
| 005 | 20200929163519.0 | ||
| 008 | 091207s1991 dr c 000 0 spa d | ||
| 040 |
_aDO-SdBNP _bspa _cBNPHU |
||
| 082 |
_axxxx _bA837l |
||
| 110 | 1 |
_aAsociación Dominicana de Rehabilitación _932063 |
|
| 245 | 1 | 0 | _aLibro de oro. |
| 260 |
_aSanto Domingo : _b[s.n.], _c1991. |
||
| 300 |
_a132 p. : _bretrs. ; _c29 cm. |
||
| 049 | _aBNPD | ||
| 999 |
_c13791 _d13791 |
||